A három prágai egyezmény. Cseh centralizációs törekvések a második világháború utáni Csehszlovákiában

The status of Slovakia was the main question in liberated postwar Czechoslovakia. The so-called Košice government program adopted on 5 April 1945 denominated the Slovaks „a nationally sovereign nation” but the division of powers between Slovak National Council and the central government was not clea...

Teljes leírás

Elmentve itt :
Bibliográfiai részletek
Szerző: Spišák Mónika
Dokumentumtípus: Cikk
Megjelent: 2011
Sorozat:Közép-európai közlemények 4 No. 2
Kulcsszavak:Történelemtudomány
Online Access:http://acta.bibl.u-szeged.hu/29889
LEADER 01657nab a2200193 i 4500
001 acta29889
005 20210505151236.0
008 161017s2011 hu o 0|| hun d
022 |a 1789-6339 
040 |a SZTE Egyetemi Kiadványok Repozitórium  |b hun 
041 |a hun 
100 1 |a Spišák Mónika 
245 1 2 |a A három prágai egyezmény. Cseh centralizációs törekvések a második világháború utáni Csehszlovákiában  |h [elektronikus dokumentum] /  |c  Spišák Mónika 
260 |c 2011 
300 |a 137-143 
490 0 |a Közép-európai közlemények  |v 4 No. 2 
520 3 |a The status of Slovakia was the main question in liberated postwar Czechoslovakia. The so-called Košice government program adopted on 5 April 1945 denominated the Slovaks „a nationally sovereign nation” but the division of powers between Slovak National Council and the central government was not clear. The first Prague Agreement in 1945 declared that the national organ in Slovakia is the Slovak National Council with a Board of Commissions as its executive body. As a result of the elections in 1946 the Democratic Party had a clear majority in Slovakia but in the czech lands the Communists obtained 41% of the votes. After the elections the main goal of the central government and the Slovak Communist Party became the limitation of Slovak autonomous rights. The result was the second and the third agreement. These documents finally reduced slovak institutions to regional administrative unit of the Prague government. 
695 |a Történelemtudomány 
856 4 0 |u http://acta.bibl.u-szeged.hu/29889/1/kek_013_137-143.pdf  |z Dokumentum-elérés